A practical approach to VLSI system on chip (SoC) design : a comprehensive guide (Record no. 289723)

MARC details
000 -LEADER
fixed length control field 00451nam a2200157Ia 4500
005 - DATE AND TIME OF LATEST TRANSACTION
control field 20240628142112.0
008 - FIXED-LENGTH DATA ELEMENTS--GENERAL INFORMATION
fixed length control field 240126s9999 xx 000 0 und d
020 ## - INTERNATIONAL STANDARD BOOK NUMBER
International Standard Book Number 9783030230487
082 ## - DEWEY DECIMAL CLASSIFICATION NUMBER
Classification number 621.38173 CHA;1 R
100 ## - MAIN ENTRY--PERSONAL NAME
Personal name Chakravarthi, Veena S.
245 #2 - TITLE STATEMENT
Title A practical approach to VLSI system on chip (SoC) design : a comprehensive guide
260 ## - PUBLICATION, DISTRIBUTION, ETC. (IMPRINT)
Name of publisher, distributor, etc. Spinger
Place of publication, distribution, etc. Switzerland
Date of publication, distribution, etc. 2020
300 ## - PHYSICAL DESCRIPTION
Extent xxxii, 312
440 ## - SERIES STATEMENT/ADDED ENTRY--TITLE
Title NULL
942 ## - ADDED ENTRY ELEMENTS (KOHA)
Koha item type PESU Books
Holdings
Date last seen Total Checkouts Total Renewals Full call number Accession number Volume/Issue Number Date checked out Cost, replacement price Price effective from Category Lost status Damaged status Department Withdrawn status bill no. Permanent Location Current Location Shelving location Entry date Vendor Cost, normal purchase price Grants Currency symbol Conversion rate Discount Discount type
26/01/2024     621.38173 CHA;3 PU11222 (12/07/1905)   5774.42 26/01/2024 PESU Books     Central Library   91674 Central Library Central Library Central Library 23/01/2020 Book Paradise 99.99 EC EURO 82.5 30 Percentage
30/01/2025 1 1 621.38173 CHA;1 R PU11220 (12/07/1905) 20/12/2024 5774.42 26/01/2024 PESU Books     Central Library   91674 Central Library RFID Kiosk Central Library 23/01/2020 Book Paradise 99.99 EC EURO 82.5 30 Percentage
19/03/2025 1   621.38173 CHA;2 R1 PU11221 (12/07/1905) 05/03/2025 5774.42 26/01/2024 PESU Books     Central Library   91674 Central Library RFID Kiosk Central Library 23/01/2020 Book Paradise 99.99 EC EURO 82.5 30 Percentage

© For any Suggestions or Query, please contact the library staff @ librarian@pes.edu or Phone: +9180 2672 1983/ 2108.